Sports Quiz

Random Sports or World Quiz

IAAF World Championships Quiz Stats

 Plays Quiz not verified by Sporcle

Score 0/16 Timer 05:00
0 Plays Today
Year City % Correct
2009Berlin
99%
2013Moscow
99%
2015Beijing
98.1%
2017London
98.1%
1987Rome
97.1%
1983Helsinki
96.2%
1991Tokyo
96.2%
2005Helsinki
96.2%
Year City % Correct
2003Paris
95.2%
1997Athens
94.3%
2007Osaka
86.7%
1995Gothenburg
81.9%
1999Seville
80%
2001Edmonton
76.2%
2011Daegu
76.2%
1993Stuttgart
68.6%

You're not logged in!

Compare scores with friends on all Sporcle quizzes.
OR
Log In

Show Comments

Extras

Top Quizzes Today


Score Distribution

Your Account Isn't Verified!

In order to create a playlist on Sporcle, you need to verify the email address you used during registration. Go to your Sporcle Settings to finish the process.

Report this User

Report this user for behavior that violates our Community Guidelines.

Details: